Santiago Arcos

Uloženo v:
Podrobná bibliografie
Hlavní autor: Sanhuesa, Gabriel
Médium: Kniha
Jazyk:španělština
Vydáno: El Pacífico. 1956.
Témata:
Tagy: Přidat tag
Žádné tagy, Buďte první, kdo vytvoří štítek k tomuto záznamu!

MARC

LEADER 00000nam a22000005a 4500
001 14612
003 CL-ChBUA
005 20120815103528.0
008 070301s1956 cl 000 0 spa
040 |a CL-ChBUA  |c CL-ChBUA 
082 0 0 |a 923 
090 |c 14612  |d 14612 
100 1 |a Sanhuesa, Gabriel. 
245 1 0 |a Santiago Arcos 
260 |b El Pacífico.  |c 1956. 
300 |a 267 p.  |c 19 cm. 
504 |a Indice. 
650 4 |a ARCOS, SANTIAGO - BIOGRAFIA. 
942 |c LIB 
952 |0 0  |1 0  |4 0  |7 0  |9 20527  |a UNACH  |b UNACH  |c 900  |d 2007-03-05  |i 12.468.  |l 0  |o 923 / Sa 226.  |p 21526  |r 2026-03-27 10:08:14  |u 20527  |w 2012-08-08  |y LIB  |k 923 / Sa 226. 
999 |c 14612  |d 14612